000 00653nam a22002177a 4500
003 UA-OsUOA
001 78220
007 ta
008 20111004b un ||||| |||| 00| 0 ukr d
100 _aЛиходід В.
090 _a82
_bЛ65
942 _cSA
040 _aUA-OsUOA
_bukr
_cUA-OsUOA
_dUA-OsUOA
245 _aМетодика викладання світової літератури із застосуванням елементів компаративістики
300 _aС.26-33
955 _a0
041 _aukr
080 _a82
773 0 _w78217
650 7 _a82 Література. Літературознавство
_2UDC
999 _c364528
_d364528